[Event "9. Open International Championship of V"]
[Site "Novi Sad - Ribarac 4"]
[Date "2018.07.22"]
[Round "1.1"]
[White "Kacar, Darko"]
[Black "Atalik, Suat"]
[Result "0-1"]
[WhiteElo "2130"]
[BlackElo "2509"]
[PlyCount "49"]
[EventDate "2018.07.22"]

1. e4 e5 2. Bc4 Nf6 3. d4 exd4 4. Nf3 Nxe4 5. Qxd4 Nf6 6. Bg5 c6 7. Nc3 d5 8.
O-O-O Be7 9. Rhe1 Be6 10. Qh4 Qd6 11. Nd4 Na6 12. Ne4 Nxe4 13. Rxe4 Bxg5+ 14.
Qxg5 O-O 15. Rh4 h6 16. Qh5 Nc5 17. Bd3 Rfe8 18. f4 Nxd3+ 19. Rxd3 Bd7 20. Rg3
Re1+ 21. Kd2 Rae8 22. c3 c5 23. Nc2 R8e2+ 24. Qxe2 Rxe2+ 25. Kxe2 0-1

[Event "9. Open International Championship of V"]
[Site "Novi Sad - Ribarac 4"]
[Date "2018.07.22"]
[Round "1.2"]
[White "Cabarkapa, Novak"]
[Black "Pajcin, Lav"]
[Result "1-0"]
[WhiteElo "2439"]
[BlackElo "2130"]
[PlyCount "57"]
[EventDate "2018.07.22"]

1. b3 d5 2. Bb2 Bg4 3. f3 Bf5 4. e3 Nd7 5. Nc3 c6 6. d4 Qc7 7. Qd2 e5 8. dxe5
Nxe5 9. O-O-O O-O-O 10. g4 Bg6 11. h3 Nd7 12. f4 h5 13. f5 Bh7 14. Nf3 Ngf6 15.
g5 Ne8 16. Nd4 Nc5 17. Bd3 Nxd3+ 18. Qxd3 Qd6 19. Kb1 Nc7 20. e4 Qf4 21. exd5
Nxd5 22. Nxd5 Rxd5 23. g6 Bg8 24. Qe2 f6 25. Qe8+ Rd8 26. Qxd8+ Kxd8 27. Ne6+
Ke8 28. Rd8+ Ke7 29. Ba3+ 1-0

[Event "9. Open International Championship of V"]
[Site "Novi Sad - Ribarac 4"]
[Date "2018.07.22"]
[Round "1.4"]
[White "Sharavdorj, Dashzegve"]
[Black "Angun, Batu"]
[Result "1-0"]
[WhiteElo "2403"]
[BlackElo "2122"]
[PlyCount "59"]
[EventDate "2018.07.22"]

1. d4 Nf6 2. c4 g6 3. Nc3 d5 4. cxd5 Nxd5 5. e4 Nxc3 6. bxc3 Bg7 7. Nf3 c5 8.
h3 Nc6 9. Be3 O-O 10. Be2 cxd4 11. cxd4 e6 12. O-O b6 13. Rc1 Bb7 14. Bg5 Ne7
15. Qd3 h6 16. Bf4 Rc8 17. Qe3 Kh7 18. Be5 f6 19. Bh2 f5 20. Rxc8 Qxc8 21. Rc1
Qd8 22. Bc7 Qe8 23. Be5 fxe4 24. Bxg7 Nf5 25. Qa3 Nxg7 26. Ne5 Qd8 27. Rc7 Qxc7
28. Qxf8 Nf5 29. Nf7 g5 30. Qh8+ 1-0

[Event "9. Open International Championship of V"]
[Site "Novi Sad - Ribarac 4"]
[Date "2018.07.22"]
[Round "1.5"]
[White "Tugstumur, Yesuntumur"]
[Black "Tosic, Miroslav"]
[Result "1-0"]
[WhiteElo "2116"]
[BlackElo "2388"]
[PlyCount "69"]
[EventDate "2018.07.22"]

1. b3 c5 2. Bb2 Nc6 3. Nf3 d6 4. e3 e5 5. d4 cxd4 6. exd4 e4 7. Nfd2 d5 8. c4
Nf6 9. cxd5 Nxd5 10. Nc3 Bb4 11. Nxd5 Qxd5 12. a3 Ba5 13. b4 Bb6 14. Qb3 Qf5
15. Nc4 Bc7 16. Ne3 Qg6 17. Rc1 Bd6 18. d5 Ne5 19. Bb5+ Kf8 20. Bd4 h5 21. Qc3
Bd7 22. Bxe5 Bxb5 23. Bxd6+ Qxd6 24. Qxg7+ Kxg7 25. Nf5+ Kf6 26. Nxd6 Bd3 27.
Nxb7 Ke5 28. Kd2 f5 29. d6 Ba6 30. Nc5 Rad8 31. Rhd1 Rxd6+ 32. Kc3 Rhd8 33.
Rxd6 Rxd6 34. Re1 f4 35. a4 1-0

[Event "9. Open International Championship of V"]
[Site "Novi Sad - Ribarac 4"]
[Date "2018.07.22"]
[Round "1.6"]
[White "Hirneise, Jens"]
[Black "Tisma, Ivan"]
[Result "1-0"]
[WhiteElo "2379"]
[BlackElo "2113"]
[PlyCount "77"]
[EventDate "2018.07.22"]

1. e4 c5 2. Nf3 d6 3. d4 cxd4 4. Nxd4 Nf6 5. Nc3 a6 6. Be3 e5 7. Nb3 Be7 8. h3
Be6 9. f4 Qc7 10. f5 Bc4 11. Bxc4 Qxc4 12. Qf3 Nbd7 13. Nd2 Qc6 14. g4 h6 15.
h4 b5 16. g5 b4 17. Nd1 hxg5 18. hxg5 Rxh1+ 19. Qxh1 Ng8 20. c4 Nc5 21. Nf2
O-O-O 22. Qh7 f6 23. g6 Na4 24. Nd3 a5 25. Qxg7 Nc5 26. Nf2 Qa4 27. Ke2 Qd7 28.
Rh1 Kb7 29. Rh8 Qc8 30. Rxg8 Rxg8 31. Qxe7+ Nd7 32. Qxd6 Qc6 33. Qxc6+ Kxc6 34.
Ng4 Kd6 35. Nh6 Rg7 36. c5+ Kc6 37. Nc4 a4 38. Nd6 Re7 39. Nhf7 1-0

[Event "9. Open International Championship of V"]
[Site "Novi Sad - Ribarac 4"]
[Date "2018.07.22"]
[Round "1.7"]
[White "Radosavljevic, Slobodan S"]
[Black "Nomin-Erdene, Davaademberel"]
[Result "0-1"]
[WhiteElo "2106"]
[BlackElo "2371"]
[PlyCount "64"]
[EventDate "2018.07.22"]

1. d4 f5 2. Nf3 Nf6 3. g3 g6 4. Bg2 Bg7 5. O-O O-O 6. c4 d6 7. Nc3 c6 8. Qc2
Na6 9. a3 Nc7 10. b4 Qe8 11. Bb2 Be6 12. Nd2 Qf7 13. Qd3 Rad8 14. Rac1 Bd7 15.
e4 e5 16. d5 cxd5 17. cxd5 fxe4 18. Ndxe4 Nxe4 19. Qxe4 Nb5 20. Qe3 Nd4 21. Ne4
Bg4 22. Ng5 Qf6 23. Rc7 Rc8 24. Rxb7 Rc2 25. Bxd4 exd4 26. Qe7 Qxe7 27. Rxe7
Be2 28. Re1 d3 29. Re4 Bf6 30. Ne6 Bc3 31. Rf1 Bxf1 32. Bxf1 d2 0-1

[Event "9. Open International Championship of V"]
[Site "Novi Sad - Ribarac 4"]
[Date "2018.07.22"]
[Round "1.8"]
[White "Li, Hong"]
[Black "Stankovic, Milos M"]
[Result "1-0"]
[WhiteElo "2365"]
[BlackElo "2100"]
[PlyCount "57"]
[EventDate "2018.07.22"]

1. d4 Nf6 2. c4 g6 3. Nc3 d5 4. Nf3 Bg7 5. e3 O-O 6. Be2 c5 7. O-O cxd4 8. exd4
b6 9. Bf4 Bb7 10. Rc1 Nc6 11. Qa4 a6 12. Rfd1 e6 13. Ne5 Ne7 14. Bf3 h6 15. h3
Rc8 16. b4 g5 17. Bh2 Ne4 18. c5 b5 19. Qb3 f6 20. Nxe4 dxe4 21. Qxe6+ Kh7 22.
c6 exf3 23. cxb7 Rxc1 24. Rxc1 fxe5 25. Bxe5 Bxe5 26. Qxe5 fxg2 27. Rc7 Re8 28.
b8=Q Qxb8 29. Rxe7+ 1-0

[Event "9. Open International Championship of V"]
[Site "Novi Sad - Ribarac 4"]
[Date "2018.07.22"]
[Round "1.9"]
[White "Liu, Xi"]
[Black "Danchevski, Orce"]
[Result "0-1"]
[WhiteElo "2099"]
[BlackElo "2353"]
[PlyCount "120"]
[EventDate "2018.07.22"]

1. e4 c5 2. Nf3 d6 3. Bb5+ Bd7 4. Bxd7+ Qxd7 5. O-O Nc6 6. Re1 Nf6 7. c3 e6 8.
d4 cxd4 9. cxd4 d5 10. e5 Ne4 11. a3 Be7 12. Qd3 Na5 13. Nbd2 Nxd2 14. Bxd2 Nc4
15. Bc1 a6 16. b3 Na5 17. Bd2 Qb5 18. Qxb5+ axb5 19. Reb1 Kd7 20. a4 b4 21. Kf1
Nc6 22. Ra2 Ra5 23. Rc2 Rha8 24. Rbc1 R8a6 25. Ke2 b5 26. axb5 Rxb5 27. Rb2
Rba5 28. Be3 Ra1 29. Rxa1 Rxa1 30. Kd3 f6 31. h3 Na7 32. Nd2 Nb5 33. Nb1 Na3
34. Nd2 Rc1 35. Nf3 Rc3+ 36. Ke2 Rc6 37. Kd3 Nb5 38. Rb1 Nc3 39. Rc1 Ra6 40.
Nd2 Ra3 41. f3 Nb5 42. Rb1 Na7 43. Rc1 Nc6 44. f4 f5 45. Ke2 Na7 46. Kd3 Nb5
47. Ke2 Ra2 48. Kd3 Nc3 49. Re1 Bh4 50. Rg1 Bg3 51. Nf1 Bf2 52. Bxf2 Rxf2 53.
Ke3 Rb2 54. Nd2 Ne4 55. Nxe4 dxe4 56. Ra1 Rxb3+ 57. Kf2 Rc3 58. Ra7+ Rc7 59.
Ra1 b3 60. Ke1 b2 0-1

[Event "9. Open International Championship of V"]
[Site "Novi Sad - Ribarac 4"]
[Date "2018.07.22"]
[Round "1.10"]
[White "Raja, Rithvik R"]
[Black "Vujinovic, Predrag"]
[Result "1-0"]
[WhiteElo "2343"]
[BlackElo "2096"]
[PlyCount "63"]
[EventDate "2018.07.22"]

1. d4 Nf6 2. c4 g6 3. g3 Bg7 4. Bg2 O-O 5. Nf3 d6 6. Nc3 c6 7. O-O Nbd7 8. e4
Qc7 9. h3 a6 10. a4 e5 11. Be3 a5 12. Qc2 b6 13. Rfe1 Ba6 14. b3 Rfc8 15. Rad1
b5 16. c5 dxc5 17. dxe5 Nxe5 18. Nxe5 Qxe5 19. Bf4 Qe8 20. axb5 Bb7 21. e5 Nh5
22. Ne4 Nxf4 23. gxf4 Qe7 24. Nd6 Rab8 25. bxc6 Bxc6 26. Nxc8 Rxc8 27. Bxc6
Rxc6 28. Qe4 Rc8 29. Rd3 h6 30. Red1 Kh7 31. Rd7 Qe6 32. Qd5 1-0

[Event "9. Open International Championship of V"]
[Site "Novi Sad - Ribarac 4"]
[Date "2018.07.22"]
[Round "1.12"]
[White "Batsuren, Dambasuren"]
[Black "Elez, Sinisa"]
[Result "1-0"]
[WhiteElo "2321"]
[BlackElo "2076"]
[PlyCount "113"]
[EventDate "2018.07.22"]

1. d4 d5 2. c4 dxc4 3. Nf3 Nf6 4. e3 e6 5. Bxc4 c5 6. O-O a6 7. dxc5 Qxd1 8.
Rxd1 Bxc5 9. Nbd2 b5 10. Be2 Bb7 11. Nb3 Be7 12. Ne5 Nbd7 13. Nxd7 Nxd7 14. f3
Nb6 15. e4 Rc8 16. Be3 Na4 17. Rac1 Nxb2 18. Rxc8+ Bxc8 19. Rc1 O-O 20. Rc7 Bb4
21. Bc5 Bxc5+ 22. Nxc5 e5 23. Ra7 h6 24. Kf2 Na4 25. Nxa4 bxa4 26. a3 Be6 27.
Rxa6 Rb8 28. Rxa4 Rb2 29. g3 g5 30. Ke3 Kg7 31. Ra5 Kf6 32. h4 Rb3+ 33. Kf2 Rb2
34. hxg5+ hxg5 35. Ke1 Ra2 36. g4 Ra1+ 37. Kd2 Ra2+ 38. Ke3 Rb2 39. a4 Ra2 40.
Bb5 Ke7 41. Ra6 Bb3 42. a5 Kd8 43. Ra7 Kc8 44. a6 f6 45. Rh7 Kb8 46. Rb7+ Kc8
47. Rh7 Kb8 48. Rh6 Ra5 49. Bd3 Ra3 50. Kd2 Ra2+ 51. Kc3 Bd1 52. Rxf6 Rf2 53.
Rf8+ Ka7 54. Rf7+ Kb6 55. Rb7+ Kc6 56. Rb1 Bxf3 57. Ra1 1-0

[Event "9. Open International Championship of V"]
[Site "Novi Sad - Ribarac 4"]
[Date "2018.07.22"]
[Round "1.13"]
[White "Zavgorodniaya, Alena"]
[Black "Kostic, Vladimir G"]
[Result "0-1"]
[WhiteElo "2075"]
[BlackElo "2319"]
[PlyCount "108"]
[EventDate "2018.07.22"]

1. e4 c5 2. Nf3 d6 3. Bb5+ Bd7 4. Bxd7+ Nxd7 5. O-O Ngf6 6. Qe2 e5 7. c3 Be7 8.
d4 O-O 9. Rd1 Qc7 10. Na3 a6 11. Nc2 Rfe8 12. dxe5 Nxe5 13. Nxe5 dxe5 14. c4
Qc6 15. f3 Nh5 16. g3 Qg6 17. Qg2 Rad8 18. Be3 b6 19. Kh1 Qe6 20. Qf1 g6 21. b3
Kg7 22. Bd2 h6 23. Ne3 Bg5 24. Nd5 Bxd2 25. Rxd2 Rc8 26. Rad1 Rc6 27. a4 Qc8
28. a5 bxa5 29. Ra2 Qb7 30. Qd3 Nf6 31. Qc3 Nxd5 32. exd5 Rb6 33. Rd3 Kh7 34.
Re3 Qd7 35. Kg2 Qf5 36. Re4 Reb8 37. Rxe5 Qd7 38. Qxa5 Rxb3 39. Qd2 R8b6 40.
Re3 R3b4 41. Qe2 Qf5 42. Rc2 a5 43. Re5 Qf6 44. f4 a4 45. Qe3 Rb2 46. Rxb2
Rxb2+ 47. Kg1 Rb1+ 48. Kg2 Rb2+ 49. Kg1 Rb3 50. Qxc5 a3 51. Re2 Rb2 52. Rxb2
Qxb2 53. Qa7 a2 54. Qxf7+ Qg7 0-1

[Event "9. Open International Championship of V"]
[Site "Novi Sad - Ribarac 4"]
[Date "2018.07.22"]
[Round "1.15"]
[White "Mehandzic, Georgije"]
[Black "Milosevic, Milos"]
[Result "0-1"]
[WhiteElo "2066"]
[BlackElo "2315"]
[PlyCount "71"]
[EventDate "2018.07.22"]

1. d4 f5 2. Nf3 Nf6 3. b3 g6 4. Bb2 Bg7 5. e3 O-O 6. Bc4+ d5 7. Bd3 Ne4 8. Ne5
Nd7 9. f3 Nxe5 10. dxe5 Nc5 11. O-O f4 12. Qd2 fxe3 13. Qxe3 Nxd3 14. cxd3 Bf5
15. g4 Be6 16. Na3 Qd7 17. Rac1 Rf7 18. Nc2 b6 19. b4 a5 20. Nd4 axb4 21. Rc6
Rxa2 22. Rf2 Bxg4 23. Rfc2 b3 24. Rxc7 bxc2 25. Rxd7 Bxd7 26. Bc1 Rf8 27. Nb3
Rc8 28. f4 Rc6 29. Nd4 Rc5 30. Kg2 Rc8 31. Nb3 Rb8 32. e6 Ba4 33. Nd4 Ra1 34.
Bb2 Rb1 35. Ba3 Rc8 36. Bc1 0-1

[Event "9. Open International Championship of V"]
[Site "Novi Sad - Ribarac 4"]
[Date "2018.07.22"]
[Round "1.16"]
[White "Savanovic, Vuk"]
[Black "Djokic, Mihailo"]
[Result "1-0"]
[WhiteElo "2294"]
[BlackElo "2064"]
[PlyCount "67"]
[EventDate "2018.07.22"]

1. e4 c5 2. Nf3 d6 3. d4 cxd4 4. Nxd4 Nf6 5. Nc3 g6 6. Be3 Bg7 7. f3 O-O 8. Bc4
Nc6 9. Qd2 Bd7 10. O-O-O Rc8 11. Bb3 Na5 12. h4 h5 13. Kb1 Nxb3 14. axb3 a6 15.
Nde2 b5 16. Nf4 Bc6 17. Qf2 b4 18. Ncd5 Bxd5 19. Nxd5 Nxd5 20. Rxd5 e6 21. Rd3
Rc6 22. g4 Qa5 23. Bd4 Rfc8 24. Rd2 Bxd4 25. Qxd4 Qc5 26. Qf6 hxg4 27. h5 Qe5
28. Qxe5 dxe5 29. hxg6 f5 30. fxg4 fxg4 31. Rg1 Kg7 32. Rd7+ Kxg6 33. Rxg4+ Kf6
34. Rdg7 1-0

[Event "9. Open International Championship of V"]
[Site "Novi Sad - Ribarac 4"]
[Date "2018.07.22"]
[Round "1.17"]
[White "Altantuya, Boldbaatar"]
[Black "Omorjan, Dejan"]
[Result "1/2-1/2"]
[WhiteElo "2060"]
[BlackElo "2292"]
[PlyCount "146"]
[EventDate "2018.07.22"]

1. d4 Nf6 2. c4 g6 3. Nc3 Bg7 4. Nf3 O-O 5. g3 d6 6. Bg2 c5 7. d5 Na6 8. O-O
Nc7 9. e4 Bg4 10. Be3 a6 11. a4 Rb8 12. a5 b5 13. axb6 Rxb6 14. Qc2 Bxf3 15.
Bxf3 Nd7 16. Ra3 e6 17. Be2 exd5 18. exd5 f5 19. f4 Qe7 20. Bf2 Rfb8 21. Ra2
Bxc3 22. bxc3 Qg7 23. Bd3 Rb3 24. Be1 Nf6 25. Bd2 R3b6 26. Re1 Qd7 27. Kg2 Re8
28. Raa1 Rbb8 29. Rxe8+ Qxe8 30. Re1 Qf7 31. h3 Nce8 32. Bc1 Kf8 33. Qe2 Rb7
34. g4 Ng7 35. g5 Ne4 36. Qc2 Qe8 37. Qa2 Ra7 38. Qa5 Qe7 39. Qb6 a5 40. Qb1
Ra8 41. Qc2 Re8 42. Ba3 Nh5 43. Bc1 Nhg3 44. Be3 Qd7 45. Bf2 Nxf2 46. Qxf2 Ne4
47. Qc2 Qg7 48. Bxe4 Qe7 49. Re3 fxe4 50. Kg3 Kf7 51. Qb1 a4 52. Qa2 Qd7 53.
Qb2 Kg7 54. Qa2 Qf5 55. Qc2 a3 56. Qa2 Rf8 57. Qf2 a2 58. Re1 h6 59. gxh6+ Kxh6
60. h4 Kh5 61. Qe2+ Kh6 62. Qe3 Ra8 63. Ra1 Kh7 64. Qd2 Qf6 65. Rxa2 Rxa2 66.
Qxa2 Qxc3+ 67. Kh2 e3 68. Qa7+ Kh6 69. Qe7 Qc2+ 70. Kh3 Qf5+ 71. Kg3 Qd3 72.
Qg5+ Kh7 73. Qe7+ Kh6 1/2-1/2

[Event "9. Open International Championship of V"]
[Site "Novi Sad - Ribarac 4"]
[Date "2018.07.22"]
[Round "1.18"]
[White "Mikheev, Stanislav"]
[Black "Opacic, Alexandar"]
[Result "1-0"]
[WhiteElo "2291"]
[BlackElo "2052"]
[PlyCount "75"]
[EventDate "2018.07.22"]

1. d4 d5 2. Bf4 c6 3. e3 Bf5 4. c4 e6 5. Nc3 Nd7 6. Qb3 Qb6 7. c5 Qxb3 8. axb3
a6 9. Nf3 Ngf6 10. h3 Be7 11. Be2 h6 12. b4 O-O 13. Nd2 Rfc8 14. Nb3 Bd8 15.
Kd2 Ne4+ 16. Nxe4 Bxe4 17. f3 Bg6 18. Na5 Bxa5 19. bxa5 Nf6 20. Ra4 Rd8 21. Rb4
Rd7 22. Ra1 Nh5 23. Bd6 Nf6 24. Ra3 Ne8 25. Bg3 Ra7 26. Rab3 Nc7 27. Rxb7 Nb5
28. Rb8+ Kh7 29. Rc8 Bb1 30. Rxc6 Ba2 31. Bd3+ g6 32. Rb4 Kg7 33. Rc8 f6 34. b3
e5 35. dxe5 d4 36. exd4 Rxd4 37. Rxd4 Nxd4 38. Kc3 1-0

[Event "9. Open International Championship of V"]
[Site "Novi Sad - Ribarac 4"]
[Date "2018.07.22"]
[Round "1.19"]
[White "Zhukov, Anton"]
[Black "Yordanov, Lachezar"]
[Result "1/2-1/2"]
[WhiteElo "2046"]
[BlackElo "2290"]
[PlyCount "59"]
[EventDate "2018.07.22"]

1. d4 Nf6 2. c4 e6 3. g3 d5 4. Nf3 Be7 5. Bg2 O-O 6. O-O c6 7. Qc2 b6 8. Nbd2
Na6 9. b3 Bb7 10. Bb2 c5 11. dxc5 Nxc5 12. Rfd1 Rc8 13. Rac1 Qe8 14. Qb1 b5 15.
cxd5 Bxd5 16. Ng5 g6 17. Nge4 Ncxe4 18. Nxe4 Nxe4 19. Bxe4 Rxc1 20. Rxc1 Qa8
21. Bxd5 Qxd5 22. Rd1 Qc6 23. Qc1 Qxc1 24. Rxc1 Ra8 25. Rc7 Bd8 26. Rb7 Bb6 27.
Be5 Kf8 28. Bd6+ Kg7 29. Be5+ Kf8 30. Bd6+ 1/2-1/2

[Event "9. Open International Championship of V"]
[Site "Novi Sad - Ribarac 4"]
[Date "2018.07.22"]
[Round "1.20"]
[White "Parezanin, Darko"]
[Black "Grujic, Danijela"]
[Result "1/2-1/2"]
[WhiteElo "2265"]
[BlackElo "2033"]
[PlyCount "43"]
[EventDate "2018.07.22"]

1. e4 c5 2. Nf3 Nc6 3. Bb5 d6 4. Bxc6+ bxc6 5. d3 Rb8 6. O-O g6 7. Re1 e5 8.
Nbd2 Bg7 9. Nc4 Ne7 10. h3 h6 11. Bd2 O-O 12. a3 Be6 13. b4 cxb4 14. axb4 Qd7
15. c3 f5 16. Qe2 Rf7 17. Be3 Nc8 18. Bd2 Kh7 19. Ra6 fxe4 20. dxe4 Nb6 21.
Nxb6 axb6 22. Be3 1/2-1/2

[Event "9. Open International Championship of V"]
[Site "Novi Sad - Ribarac 4"]
[Date "2018.07.22"]
[Round "1.21"]
[White "Manojlovic, Sava"]
[Black "Dragojlovic, Andjelko"]
[Result "0-1"]
[WhiteElo "2026"]
[BlackElo "2262"]
[PlyCount "60"]
[EventDate "2018.07.22"]

1. d4 g6 2. Nf3 Bg7 3. g3 d5 4. Bg2 Nf6 5. O-O O-O 6. Nbd2 c6 7. c4 a5 8. Re1
Bf5 9. Nh4 Be6 10. c5 b6 11. cxb6 Qxb6 12. e3 Na6 13. Nb1 c5 14. dxc5 Nxc5 15.
Nc3 Rfd8 16. Na4 Nxa4 17. Qxa4 Nd7 18. Rd1 Nc5 19. Qf4 a4 20. Rb1 h6 21. Qf3
Ne4 22. Bd2 Rac8 23. Be1 Rc2 24. b3 a3 25. Rd3 Rxa2 26. Qd1 Rc8 27. b4 Rcc2 28.
Bxe4 dxe4 29. Rxa3 Rxf2 30. Bxf2 Rxa3 0-1

[Event "9. Open International Championship of V"]
[Site "Novi Sad - Ribarac 4"]
[Date "2018.07.22"]
[Round "1.22"]
[White "Pastar, Slaven"]
[Black "Jancic, Radomir"]
[Result "1-0"]
[WhiteElo "2262"]
[BlackElo "2018"]
[PlyCount "23"]
[EventDate "2018.07.22"]

1. e4 c5 2. Nc3 d6 3. f4 e6 4. Nf3 g6 5. d4 cxd4 6. Qxd4 Qf6 7. Be3 Bd7 8. e5
dxe5 9. Nxe5 Bg7 10. Ne4 Qd8 11. Nd6+ Kf8 12. Ndxf7 1-0

[Event "9. Open International Championship of V"]
[Site "Novi Sad - Ribarac 4"]
[Date "2018.07.22"]
[Round "2.1"]
[White "Atalik, Suat"]
[Black "Jocev, Milan"]
[Result "1/2-1/2"]
[WhiteElo "2509"]
[BlackElo "2256"]
[PlyCount "135"]
[EventDate "2018.07.22"]

1. d4 d5 2. c4 c6 3. Nf3 Nf6 4. Nc3 a6 5. Qc2 g6 6. e4 dxe4 7. Nxe4 Bg7 8.
Nxf6+ exf6 9. Be3 O-O 10. h3 Re8 11. Be2 Be6 12. O-O Bf8 13. Rfe1 Bd6 14. Qd2
a5 15. a3 Na6 16. Bf4 Nc7 17. Bd3 b5 18. d5 bxc4 19. dxe6 cxd3 20. exf7+ Kxf7
21. Rxe8 Nxe8 22. Qxd3 Bxf4 23. Qc4+ Kg7 24. Qxf4 c5 25. Qa4 Nd6 26. Rd1 Qc7
27. Qf4 Rd8 28. Rd3 Rd7 29. Qa4 Re7 30. Rd5 Ne4 31. Qc4 Qb7 32. b3 Qb8 33. h4
a4 34. Rd3 axb3 35. Rxb3 Qd8 36. Re3 Qd1+ 37. Ne1 Qd4 38. Qe2 Kf8 39. Nc2 Qd5
40. Qe1 Re8 41. f3 Nd6 42. Rxe8+ Nxe8 43. Qc3 Ke7 44. Kf2 Nd6 45. Ne3 Qa2+ 46.
Kg3 Kd7 47. Qxc5 Qe2 48. Qd4 h5 49. Kh2 Ke6 50. a4 Qa2 51. Qf4 Qd2 52. a5 Qd3
53. Kg1 Qb1+ 54. Nf1 Qb5 55. Qe3+ Kd7 56. Qc3 g5 57. hxg5 fxg5 58. Ne3 g4 59.
fxg4 hxg4 60. Qg7+ Kc6 61. Qg6 Qe2 62. Qc2+ Qxc2 63. Nxc2 Kb5 64. Kf2 Nf5 65.
Ne3 g3+ 66. Ke2 Nh4 67. Nf1 Nxg2 68. Nxg3 1/2-1/2

[Event "9. Open International Championship of V"]
[Site "Novi Sad - Ribarac 4"]
[Date "2018.07.22"]
[Round "2.2"]
[White "Pratyusha, Bodda"]
[Black "Cabarkapa, Novak"]
[Result "0-1"]
[WhiteElo "2244"]
[BlackElo "2439"]
[PlyCount "104"]
[EventDate "2018.07.22"]

1. e4 d5 2. exd5 Qxd5 3. Nc3 Qd6 4. d4 Nf6 5. Nf3 g6 6. h3 Bg7 7. Be3 a6 8. a4
O-O 9. Be2 Nc6 10. Qd2 Bf5 11. O-O e5 12. dxe5 Qxd2 13. Bxd2 Nd7 14. Rac1 Ndxe5
15. Nxe5 Bxe5 16. Bf3 Rfd8 17. Be3 Rab8 18. g4 Be6 19. Rfd1 Kg7 20. Rxd8 Rxd8
21. Rd1 Bxc3 22. Rxd8 Nxd8 23. bxc3 f6 24. Kf1 g5 25. Be4 Bd7 26. a5 Bc6 27.
Bf5 Bb5+ 28. Bd3 Bxd3+ 29. cxd3 Nc6 30. f4 h6 31. fxg5 hxg5 32. Bf2 Nxa5 33.
Bg3 c6 34. Ke2 Kf7 35. Bc7 Nb3 36. Bb6 a5 37. Kd1 a4 38. Kc2 Ke6 39. Kb2 Nd2
40. Ka3 Nf3 41. Kxa4 Ne5 42. Bc7 Nxd3 43. Bg3 Nf4 44. Ka5 Nxh3 45. Kb6 Nf4 46.
Kxb7 Kd7 47. c4 Nd3 48. Kb6 Ne5 49. Kc5 Nxg4 50. Kd4 Ne5 51. c5 Ke6 52. Bf2 f5
0-1

[Event "9. Open International Championship of V"]
[Site "Novi Sad - Ribarac 4"]
[Date "2018.07.22"]
[Round "2.3"]
[White "Johansson, Thomas"]
[Black "Sharavdorj, Dashzegve"]
[Result "0-1"]
[WhiteElo "2232"]
[BlackElo "2403"]
[PlyCount "106"]
[EventDate "2018.07.22"]

1. d4 Nf6 2. Nf3 g6 3. Bg5 Bg7 4. Nbd2 O-O 5. c3 d6 6. e4 c5 7. dxc5 dxc5 8.
Bc4 Nc6 9. Qe2 Qc7 10. O-O Na5 11. Bd3 Be6 12. b4 Nc6 13. Rac1 Rad8 14. Bb1 Nh5
15. Qe3 f6 16. Bh4 g5 17. Bg3 Nxg3 18. hxg3 g4 19. Nh4 cxb4 20. cxb4 Qb6 21.
Nc4 Qxe3 22. Nxe3 Bh6 23. Rxc6 bxc6 24. Nef5 Bg5 25. Nxe7+ Kf7 26. Nhf5 Bc4 27.
Bc2 Bxf1 28. Bb3+ Ke8 29. Kxf1 Kd7 30. Ba4 Kc7 31. f4 gxf3 32. gxf3 Bc1 33.
Bxc6 Ba3 34. Ba4 Bxb4 35. Nd5+ Rxd5 36. exd5 Rd8 37. Bc6 Bc5 38. Kg2 Rb8 39.
Kh3 Rb1 40. Ng7 Kd6 41. Kg4 Rg1 42. Kf4 Ba3 43. Kg4 Rg2 44. Nh5 Ke7 45. Kf5
Rxa2 46. Nxf6 a5 47. g4 Bb4 48. g5 a4 49. d6+ Kxd6 50. Bd5 Rh2 51. Bg8 a3 52.
f4 Ke7 53. Be6 Kf8 0-1

[Event "9. Open International Championship of V"]
[Site "Novi Sad - Ribarac 4"]
[Date "2018.07.22"]
[Round "2.4"]
[White "Ninov, Dayan"]
[Black "Hirneise, Jens"]
[Result "1/2-1/2"]
[WhiteElo "2229"]
[BlackElo "2379"]
[PlyCount "52"]
[EventDate "2018.07.22"]

1. e4 c5 2. Nf3 d6 3. c4 e5 4. Nc3 g6 5. d3 Bg7 6. Nd5 Nc6 7. h4 h6 8. h5 g5 9.
Ne3 Nge7 10. g4 Bd7 11. Bg2 Nd4 12. Bd2 Ne6 13. Nf5 Bc6 14. a3 Nxf5 15. gxf5
Nd4 16. Nxd4 exd4 17. Bf3 Be5 18. Rg1 b5 19. b3 Qd7 20. Bg4 bxc4 21. bxc4 Ba4
22. Qc1 Rb8 23. Rb1 Qd8 24. Ke2 Rxb1 25. Qxb1 Qc7 26. Qb2 Bc6 1/2-1/2

[Event "9. Open International Championship of V"]
[Site "Novi Sad - Ribarac 4"]
[Date "2018.07.22"]
[Round "2.5"]
[White "Nomin-Erdene, Davaademberel"]
[Black "Mitev, Valentin"]
[Result "1-0"]
[WhiteElo "2371"]
[BlackElo "2242"]
[PlyCount "117"]
[EventDate "2018.07.22"]

1. e4 c5 2. Nf3 d6 3. d4 Nf6 4. Nc3 cxd4 5. Nxd4 Nc6 6. Bg5 Bd7 7. f3 e6 8. Qd2
a6 9. g4 Be7 10. Be3 O-O 11. O-O-O Nxd4 12. Bxd4 Bc6 13. g5 Nd7 14. h4 b5 15.
a3 Rb8 16. Rg1 a5 17. h5 b4 18. axb4 axb4 19. Nb1 d5 20. Bh3 Bc5 21. g6 Bxd4
22. Qxd4 Qf6 23. gxf7+ Rxf7 24. Qxf6 Rxf6 25. exd5 exd5 26. Bxd7 Bxd7 27. Rxd5
Bc6 28. Rdg5 Rb7 29. Nd2 Bxf3 30. h6 g6 31. Rf1 Rbf7 32. Rb5 Bg2 33. Rxf6 Rxf6
34. Rxb4 Re6 35. c3 Re1+ 36. Kc2 Rh1 37. Rg4 Bh3 38. Rf4 Bf5+ 39. Kb3 Rxh6 40.
Nf3 Rh3 41. Kb4 Rg3 42. Nd4 Bd7 43. Kc5 h5 44. Kd6 Bg4 45. c4 h4 46. c5 h3 47.
Rf1 Rd3 48. Ke5 h2 49. c6 Bc8 50. Rh1 Re3+ 51. Kd6 Rd3 52. Kc5 Rh3 53. b4 g5
54. b5 g4 55. b6 Rh5+ 56. Kb4 Rh7 57. Rxh2 g3 58. Rxh7 Kxh7 59. b7 1-0

[Event "9. Open International Championship of V"]
[Site "Novi Sad - Ribarac 4"]
[Date "2018.07.22"]
[Round "2.6"]
[White "Winkelman, Albert"]
[Black "Li, Hong"]
[Result "0-1"]
[WhiteElo "2210"]
[BlackElo "2365"]
[PlyCount "84"]
[EventDate "2018.07.22"]

1. e4 c5 2. Nf3 d6 3. d4 cxd4 4. Nxd4 Nf6 5. Nc3 a6 6. h3 g6 7. g4 Bg7 8. Bg2
O-O 9. Be3 Nc6 10. Qd2 Bd7 11. Nxc6 bxc6 12. O-O-O Qa5 13. Bh6 Bxh6 14. Qxh6
Rab8 15. Qe3 Be6 16. b3 Qa3+ 17. Kb1 Nd7 18. Ne2 c5 19. Nf4 c4 20. Nxe6 fxe6
21. Bf1 cxb3 22. cxb3 a5 23. Bc4 Nc5 24. Rd2 a4 25. Rb2 axb3 26. axb3 Ra8 27.
Rc1 Kg7 28. f4 e5 29. f5 Rfe8 30. h4 Na4 31. Ra2 Nc3+ 32. Rxc3 Qxa2+ 33. Kc1
Qa1+ 34. Kd2 Ra2+ 35. Rc2 Rxc2+ 36. Kxc2 Ra8 37. b4 Rc8 38. f6+ exf6 39. Kb3
Qb1+ 40. Ka4 Rxc4 41. Qa7+ Kh6 42. g5+ Kh5 0-1

[Event "9. Open International Championship of V"]
[Site "Novi Sad - Ribarac 4"]
[Date "2018.07.22"]
[Round "2.7"]
[White "Danchevski, Orce"]
[Black "Kumic, Filip"]
[Result "1/2-1/2"]
[WhiteElo "2353"]
[BlackElo "2230"]
[PlyCount "25"]
[EventDate "2018.07.22"]

1. e4 d6 2. d4 Nf6 3. Nc3 c6 4. h3 e5 5. Nf3 Nbd7 6. Be3 Be7 7. a4 a5 8. dxe5
dxe5 9. Nd2 O-O 10. Qf3 Bc5 11. Nc4 Bxe3 12. Qxe3 Qe7 13. Be2 1/2-1/2